00662nam a2200241 a 4500001001300000003000900013005001700022008004100039020000800080082001300088100001600101245003800117260003500155300000800190500003500198505001000233650002200243700001600265902000800281942000700289952010900296999001500405nice12345678IN_TiNIC20260116011416.0050524s1936 cama grp 000 0 eng  ac000a954bSAM aSamuel, V M aNastionalism in India Before 1905 aCambridge bNo Publisherc1936 a10p aincludes index and biblioraphy2 aIndex aIndia-Nationalism1 aSamuel, V M bSRS cBK 001040708StackRoom-aHMIbHMId2005-05-24g0.00l0o954 SAMp01937r2005-05-24v0.00w2005-05-24yBK c1282d1282